000 00617nam a2200181 a 4500
001 000007825
005 20200929154318.0
008 090911s2001 dr a 001 0 spa d
020 _a8495193027
040 _aDO-SdBNP
082 _axxxx
_bH557g
100 1 _aHernández Castillo, Fernando
_921544
245 1 0 _aGuía práctica para la realización y redacción de una monografía /
_cFernando Hernández Castillo.
260 _aSantiago de los Caballeros, :
_bUniversidad Abierta para Adulto,
_c2001.
300 _a84 p. :
_bil ;
_c21 cm.
504 _aIncluye referencias bibliográficas [p. 83-84]
049 _aBNPD
999 _c7603
_d7603